Sitcoms by T-Shirt Quiz Stats

Quiz Updated Mar 2, 2015

Also try: TV Show Pictograms
Challenge
Share
Tweet
Score 0/22 Timer 05:00
0 Plays Today
% Correct
Friends
94.1%
Family Guy
93.8%
The Big Bang Theory
93%
The Fresh Prince of Bel-Air
84%
Seinfeld
79.2%
I Love Lucy
79.1%
The Office (UK & US)
67.7%
Cheers
66.4%
Scrubs
62.4%
30 Rock
57.9%
Futurama
50.7%
% Correct
Saved By the Bell
45.4%
Bob's Burgers
45%
How I Met Your Mother
44.8%
Parks and Recreation
30.9%
Archer
28.1%
Arrested Development
26.6%
Modern Family
22.4%
Married... With Children
20.5%
Community
19.6%
The IT Crowd
15.7%
Curb Your Enthusiasm
14.3%

You're not logged in!

Compare scores with friends on all Sporcle quizzes.
Join for Free
OR
Log In

You Might Also Like...

Show Comments

Extras

Top Quizzes Today


Score Distribution

Your Account Isn't Verified!

In order to create a playlist on Sporcle, you need to verify the email address you used during registration. Go to your Sporcle Settings to finish the process.

Report this User

Report this user for behavior that violates our Community Guidelines.

Details: